000 00647nam a2200241Ia 4500
003 OSt
005 20220918201149.0
006 a|||||r|||| 00| 0
007 ta
008 220917b |||||||| |||| 00| 0 eng d
024 _a92,104
037 _cTextual
040 _aARTS
_cARTS
_beng
041 _2eng
_aeng
082 _aV1:19(zT).N, L9
100 _aWolf Thomas W.
_997206
245 0 _aSalt experience
260 _aCambridge
_bBallinger Publishing
_c1979
300 _axvi, 405p.
_ccm.
650 _aARMS CONTROL; WORLD HISTORY
942 _hV1:19(zT).N, L9
_cTEXL
_2CC
999 _c215758
_d215758